De profundis /
La presente obra, escrita durante su condena de dos años, es un autodiagnóstico que Wilde realiza sobre sí mismo en busca del sentido de su existencia relacionado con el sufrimiento asociado a la creación artística.
Збережено в:
| Автор: | |
|---|---|
| Формат: | Книга |
| Мова: | Іспанська |
| Опубліковано: |
México :
Fontamara,
1993, c1987
|
| Редагування: | 4a edición |
| Серія: | (Fontamara ;
34) |
| Предмети: | |
| Теги: |
Немає тегів, Будьте першим, хто поставить тег для цього запису!
|
MARC
| LEADER | 00000nam^a2200000^a^4500 | ||
|---|---|---|---|
| 001 | 000312070 | ||
| 005 | 20250521000000.0 | ||
| 009 | 20260310113104.244 | ||
| 037 | |a Acervo Xavier Clavigero | ||
| 041 | |a ESP | ||
| 082 | |a 820. 92 |b WIL | ||
| 100 | |a Wilde, Oscar |e (autor) | ||
| 245 | 1 | 0 | |a De profundis / |c O. Wilde ; tr. por Marta Pérez. |
| 250 | |a 4a edición | ||
| 264 | 4 | |a México : |b Fontamara, |c 1993, c1987 | |
| 300 | |a 108 p. | ||
| 336 | |a texto |b txt |2 rdacontenido | ||
| 337 | |a sin mediación |b n |2 rdamedio | ||
| 338 | |a volumen |b nc |2 rdasoporte | ||
| 440 | 1 | |a (Fontamara ; |v 34) | |
| 520 | |a La presente obra, escrita durante su condena de dos años, es un autodiagnóstico que Wilde realiza sobre sí mismo en busca del sentido de su existencia relacionado con el sufrimiento asociado a la creación artística. | ||
| 545 | 0 | |a Oscar Wilde (1854-1900), escritor irlandés nacido en Dublín. Alternó su residencia entre Londres y París, además frecuentó Italia, Grecia y el norte de Africa. Su obra es inseparable de su vida, atravesada lo mismo por el esteticismo, que por la conciliación y pugna entre la rebelión y el elogio a la sociedad victoriana. Fue condenado por homosexualidad a dos años de trabajos forzados en 1895; cumplida su pena, se refugió en Francia dónde murió. Entre sus creaciones podemos citar: Poemas (1881); El príncipe feliz (1888), que reeditó corregida como Una casa de granadas (1891); La decadencia de la mentira (1889); El crimen de lord Arthur Savile (1891); El retrato de Dorian Gray (1891); Intenciones (1891); Salomé (1891); El alma del hombre bajo el socialismo (1891), que contienen su doctrina estética; Un marido ideal (1895); La importancia de llamarse Ernesto (1895); y Balada de la cárcel de Reading (1898). | |
| 649 | |a XX | ||
| 650 | |a Escritores Ingleses - |x Memorias | ||
| 650 | |a Memorias Irlandesas | ||
| 650 | |a Literatura Irlandesa - |y Siglo XIX | ||
| 650 | |a Literatura en Inglés - |z Irlanda | ||
| 650 | |a Wilde, Oscar - |x Tema Principal | ||
| 910 | |a Fondo General | ||
| 920 | |a Impresos - Libros | ||
| 930 | |a Colección General | ||
| 940 | |a Literatura | ||
| 905 | |a 101 | ||
| 901 | |a 040576 |b IT1 |c LIT |u 20250521 | ||
| 902 | |a https://opac.biblio.iteso.mx/vufind/Record/000312070 | ||